[Event "HUN-chT2 Szechenyi 0405"]
[Site "Hungary"]
[Date "2004.12.19"]
[Round "5"]
[White "Gaal, Ede"]
[Black "Tamas, Milan"]
[Result "0-1"]
[WhiteElo "2086"]
[BlackElo "1991"]
[PlyCount "62"]
[EventDate "2004.09.26"]
[EventType "team"]
[EventRounds "11"]
[EventCountry "HUN"]
[SourceTitle "EXT 2009"]
[Source "ChessBase"]
[SourceDate "2008.11.26"]
[SourceVersion "1"]
[SourceVersionDate "2008.11.26"]
[SourceQuality "1"]
[WhiteTeam "Lovo"]
[BlackTeam "Haladas II"]
[WhiteTeamCountry "HUN"]
[BlackTeamCountry "HUN"]

1. e4 c5 2. Nf3 d6 3. c3 Nf6 4. Be2 b6 5. 0-0 Bb7 6. d3 g6 7. Nbd2 Qc7 8. Ng5 h6 9. Nh3 Nbd7 10. a4 Bg7 11. f4 a6 12. Bf3 0-0 13. g4 e5 14. f5 gxf5 15. gxf5 d5 16. Qe1 dxe4 17. dxe4 c4 18. Qh4 Kh7 19. Kh1 Rh8 20. Rg1 Nc5 21. Nxc4 Ncxe4 22. b3 b5 23. axb5 axb5 24. Rxa8 Bxa8 25. Nd2 Qxc3 26. Bxe4 Nxe4 27. Rxg7+ Kxg7 28. Kg1 Qxc1+ 29. Kg2 Nxd2+ 30. Kg3 Nf1+ 31. Kg4 h5+ 0-1